| 000 | 00394nam a22001577a 4500 | ||
|---|---|---|---|
| 003 | SGT | ||
| 020 | _a9789387506633 | ||
| 082 |
_a610.73698 _bD19G |
||
| 100 | _aGOVINDAN, RAMASWAMY | ||
| 245 | _aDEVITA HELLMAN AND ROSENBERG'S CANCER PRINCIPLES & PRACTICAL ONCOLOGY REVIEW | ||
| 250 | _a4TH | ||
| 260 |
_aINDIA _bWOLTERS KLUWER _c2019 |
||
| 300 | _a363 | ||
| 650 | _aCANCER | ||
| 942 |
_2ddc _cBK |
||
| 999 |
_c20982 _d20982 |
||